00987nam a22002297a 4500003000800000008004100008037000800049039004400057040003500101041000800136080001100144100003700155245015800192260009500350300001800445650003500463655002200498710006000520942001800580999001700598952014200615BI-BuBU260317b2025 b fr|||| 000 0 fre d bdon a20260317133759.0bJoëlla Nshimirimana aBI-BuBUbfrecBI-BuBUdBI-BuBU0 afre a336.761 4Aut.aNtawiratsa, Rédémpteur10aCours d'ingenierie financière et marchés des capitauxbvolume horaire : 45h (cours magistral :30,travaux dirigés : 15 )c Rédémpteur Ntawiratsa aBujumburabUniversité du Burundi, Faculté des Sciences economiques et de gestionc2025 a56 p.c30 cm. 72BI-BuBUamarché des capitaux 72BI-BuBUasyllabus 4aut.a Faculté des Sciences economiques et de gestion 2udccSYLLABUS c53616d53616 00102udc4071985445aBCbBCd2026-03-18eDon de l'auteurl0oR.336.76 NTA.p5010000752422r2026-03-18t1w2026-03-18ySYLLABUSi242118